Současný stav odlučovacích zařízení v dřevospracujícím průmyslu a jeho výhledy

Bibliographic Details
Main Author: Hajma, Jiří (Author)
Format: Article
Language:Czech
PhysicalDescription:Tb. 1.
Subjects:

MARC

LEADER 00000nab a2200000 a 4500
001 vtls000193748
003 SK-MaSNL
005 20260303223256.0
008 220422c1984 xo 0 cze
015 |a SNBRA19rr/mm-uuuuu 
035 |a CL0203861 
040 |a SNKBUCL  |b slo  |c SNKBUCL  |e AACR2 
041 0 |a cze 
044 |a xo  |c SK 
080 |a 674+684  |2 1981 
080 |a 684  |2 1981 
080 |a 697.942  |2 1981 
080 |a 614.715  |2 1981 
100 1 |a Hajma, Jiří  |4 aut  |9 1257644 
245 1 0 |a Současný stav odlučovacích zařízení v dřevospracujícím průmyslu a jeho výhledy  |c Jiří Hajma 
300 |b Tb. 1. 
650 0 7 |a drevospracujúci priemysel  |2 snkbucl  |9 1118 
650 0 7 |a drevný odpad  |2 snkbucl  |9 72948 
650 0 7 |a zariadenia odlučovacie  |2 snkbucl  |9 965650 
655 7 |a články zo zborníkov  |2 snkbucl  |9 166140 
773 0 |t Pracovné prostredie v drevospracujúcom priemysle  |d Žilina : Dom techniky ČSVTS, 1984  |g S. 127-137 
850 |a Slovenská národná knižnica v Martine  |a MTA001 
852 |a SNK  |b KIS3GCP 
958 |a RK 
958 |a ME 
958 |a CZ 
992 |a RZB 
999 |c 2246932  |d 2248862